| 000 | 01246nam0a2200349 4500 | ||
|---|---|---|---|
| 001 | RU\NLR\BIBL_A\012163556 | ||
| 005 | 20220805181538.0 | ||
| 010 |
_a978-5-7151-0523-3 _9300 |
||
| 021 |
_aRU _bАЛ-П-19-00808и _9АЛ-П-19-0152 |
||
| 035 | _a(NLR Aleph) 012163556 | ||
| 035 | _a(RuMoRGB)010124271 | ||
| 090 |
_a12203344 _c12203344 |
||
| 100 | _a20191213d2019 u y0rusy50 ca | ||
| 101 | 0 | _arus | |
| 102 | _aRU | ||
| 105 | _aac||z|||000zy | ||
| 200 | 1 |
_aМузеи - Кремли _e[альбом _fсоставитель: Е. Куценко _gтексты: А. Киселёв и др.] |
|
| 205 | _a[Изд. 3-е, перераб. и доп.] | ||
| 210 |
_aМосква _cПФОП _d2019 |
||
| 215 |
_a157, [2] с. _cил., цв. ил., портр. _d32 |
||
| 333 | _a12+ | ||
| 606 | 1 |
_aКремли _xАрхитектура _yРоссия _jАльбомы _2nlr_sh1 _2nlr_sh2 _3RU\NLR\AUTH\661301167 |
|
| 686 | 1 | _aЩ113(2Р=Рус)3-47я61 | |
| 686 | 1 | _aТ3(2)л61 | |
| 686 | 1 | _aТ3(2)0-22я6 | |
| 702 | 1 |
_aКуценко _bЕ. В. _gЕлена В. _4220 |
|
| 942 | _cBOOK | ||
| 980 | _aNBR | ||
| 980 | _aNB | ||